Automobile Engineering (Record no. 1255)
[ view plain ]
| 000 -LEADER | |
|---|---|
| Fixed length control field | 00423nam a2200169 4500 |
| 003 - CONTROL NUMBER IDENTIFIER | |
| Control field | SEACOMMC |
| 005 - DATE AND TIME OF LATEST TRANSACTION | |
| Control field | 20260402122738.0 |
| 008 - FIXED-LENGTH DATA ELEMENTS--GENERAL INFORMATION | |
| Fixed length control field | 260402b |||||||| |||| 00| 0 eng d |
| 020 ## - INTERNATIONAL STANDARD BOOK NUMBER / ISBN | |
| International Standard Book Number | 978-8190738637 |
| 040 ## - CATALOGING SOURCE | |
| Original cataloging agency | SEACOMMC |
| 082 ## - DEWEY DECIMAL CLASSIFICATION NUMBER | |
| Classification number | 629.2 |
| Book Number | K99 |
| 100 ## - MAIN ENTRY--PERSONAL NAME | |
| Personal name | Moeed, K.M. |
| 245 ## - TITLE STATEMENT | |
| Title | Automobile Engineering |
| Statement of responsibility | K.M. Moeed |
| 260 ## - IMPRINT | |
| Place of publication | New Delhi |
| Name of publisher | Kataria |
| Date of publication | 2010 |
| 300 ## - PHYSICAL DESCRIPTION | |
| Page / Vol. No | 500 p |
| Dimensions | 20.3 x 25.4 x 4.7 cm |
| 942 ## - ADDED ENTRY ELEMENTS (KOHA) | |
| Koha item type | Gifted/Donated Books |
| Withdrawn status | Lost status | Source of classification | Damaged status | Not for loan | Home library | Current library | Date acquired | Total Checkouts | Call number | Accession number | Date last seen | Copy number | Price effective from | Koha item type |
|---|---|---|---|---|---|---|---|---|---|---|---|---|---|---|
| Dewey Decimal Classification | SEACOM MANAGEMENT COLLEGE | SEACOM MANAGEMENT COLLEGE | 15/02/2012 | 629.2 K99 | G26 | 02/04/2026 | 1 | 02/04/2026 | Gifted/Donated Books |
